[Event "Titled Tuesday intern op 29th Sept"]
[Site "Chess.com INT"]
[Date "2020.09.29"]
[Round "6"]
[White "Nadeev, Sergey Vladimirovic"]
[Black "Toolin, Christopher"]
[Result "0-1"]
[WhiteElo "2274"]
[BlackElo "2146"]
[PlyCount "54"]
[EventDate "2020.09.29"]
[EventType "swiss (blitz)"]
[EventRounds "10"]
[EventCountry "USA"]
[SourceTitle "CBM 198 Extra"]
[Source "ChessBase"]
[SourceDate "2020.11.30"]
[SourceVersion "1"]
[SourceVersionDate "2020.11.30"]
[SourceQuality "1"]

1. e4 c5 2. Nf3 d6 3. d4 cxd4 4. Nxd4 Nf6 5. Nc3 g6 6. Be3 Bg7 7. Bc4 0-0 8. f3 Nc6 9. Qd2 Bd7 10. 0-0-0 Rc8 11. Bb3 Ne5 12. h4 h5 13. Bg5 Nc4 14. Bxc4 Rxc4 15. Nde2 b5 16. e5 b4 17. exf6 bxc3 18. Nxc3 exf6 19. Be3 Be6 20. Qxd6 Qa5 21. Rd5 Bxd5 22. Qxd5 Qc7 23. Rd1 Rxc3 24. bxc3 Qxc3 25. Rd3 Qe1+ 26. Kb2 Rb8+ 27. Ka3 Qb4# 0-1

[Event "Titled Tuesday intern op 30th June"]
[Site "Chess.com INT"]
[Date "2020.06.30"]
[Round "5"]
[White "Nadeev, Sergey Vladimirovic"]
[Black "Hansen, Soren Bech"]
[Result "1-0"]
[WhiteElo "2274"]
[BlackElo "2269"]
[PlyCount "105"]
[EventDate "2020.06.30"]
[EventType "swiss (blitz)"]
[EventRounds "10"]
[EventCountry "USA"]
[SourceTitle "CBM 197 Extra"]
[Source "ChessBase"]
[SourceDate "2020.09.30"]
[SourceVersion "1"]
[SourceVersionDate "2020.09.30"]
[SourceQuality "1"]

1. e4 c5 2. Nf3 Nc6 3. d4 cxd4 4. Nxd4 Qb6 5. Nb3 Nf6 6. Nc3 e6 7. Be3 Qc7 8. Bd3 d6 9. 0-0 a6 10. f4 b5 11. Qf3 Bb7 12. Qg3 Nb4 13. a3 Nxd3 14. cxd3 g6 15. Rac1 Qe7 16. e5 Nd5 17. exd6 Qxd6 18. Ne4 Qd8 19. Bd4 f6 20. Qh3 Qe7 21. Bc5 Qf7 22. Bxf8 Kxf8 23. Nd6 Qd7 24. Nxb7 Qxb7 25. Qxe6 Re8 26. Qd6+ Kg7 27. Nc5 Qf7 28. Rce1 Ne3 29. Rf3 Nf5 30. Ne6+ Kg8 31. Qd5 h5 32. Rf2 Re7 33. Rfe2 Ng7 34. Qd6 Nxe6 35. Rxe6 Rd7 36. Qxa6 Kg7 37. Qxb5 Rhd8 38. f5 g5 39. Qc6 Rc7 40. Qxc7 Qxc7 41. Re7+ Qxe7 42. Rxe7+ Kh6 43. Rf7 Rd6 44. Kf2 g4 45. Ke3 Kg5 46. Ke4 h4 47. Rb7 Rd8 48. a4 Re8+ 49. Kd4 Re2 50. a5 Rxg2 51. a6 g3 52. hxg3 hxg3 53. a7 1-0